000 00526nam a2200193 a 4500
005 20140414093850.0
008 140227s19uu xx 00 eng d
020 _a1594432465
050 _aPS 41.85
_bC414 2003
100 _acerebellum Corporation
245 _aUnderstanding Literature :
_bthe elements of Literature.
260 _aSan Francisco, California, USA :
_bCerebellum,
_c2008.
500 _a30 mins. per CD
650 _aPoetry
650 _aDrama
650 _aFiction
942 _cAVM
999 _c109826
_d109826